تخطيط المنهج و تطويره / (رقم التسجيلة. 8296)
[ عرض عادي ]
| 000 -LEADER | |
|---|---|
| fixed length control field | 00578nam a22001937a 4500 |
| 005 - DATE AND TIME OF LATEST TRANSACTION | |
| control field | 20251108164300.0 |
| 008 - FIXED-LENGTH DATA ELEMENTS--GENERAL INFORMATION | |
| fixed length control field | 250721s1989 xx 000 0 ara d |
| 082 14 - DEWEY DECIMAL CLASSIFICATION NUMBER | |
| Classification number | 375.001/صال |
| 100 1# - MAIN ENTRY--PERSONAL NAME | |
| Personal name | هندي، صالح ذياب |
| 245 10 - TITLE STATEMENT | |
| Title | تخطيط المنهج و تطويره / |
| 264 1# - PRODUCTION, PUBLICATION, DISTRIBUTION, MANUFACTURE, AND COPYRIGHT NOTICE | |
| Place of production, publication, distribution, manufacture | عمان : |
| Name of producer, publisher, distributor, manufacturer | دار الفكر للنشر و التوزيع، |
| Date of production, publication, distribution, manufacture, or copyright notice | 1989. |
| 300 ## - PHYSICAL DESCRIPTION | |
| Extent | 338ص |
| 650 17 - SUBJECT ADDED ENTRY--TOPICAL TERM | |
| Topical term or geographic name as entry element | التربية |
| 650 17 - SUBJECT ADDED ENTRY--TOPICAL TERM | |
| Topical term or geographic name as entry element | المناهج |
| 700 1# - ADDED ENTRY--PERSONAL NAME | |
| Personal name | عليان، هشام عامر |
| 700 1# - ADDED ENTRY--PERSONAL NAME | |
| Personal name | مصلح، عدنان عارف |
| 942 ## - ADDED ENTRY ELEMENTS (KOHA) | |
| Source of classification or shelving scheme | Dewey Decimal Classification |
| Koha item type | كتب |
| حالة السحب | حالة الفقدان | مصدر التصنيف | حالة التلف | غير قابل للإعارة | المكتبة الرئيسية | المكتبة الحالية | موقع الرف | تاريخ التزويد | الرقم المتسلسل | Total Checkouts | رقم الإستدعاء | تاريخ آخر ظهور | تاريخ الفاتورة | نوع المادة (كوها) | الباركود |
|---|---|---|---|---|---|---|---|---|---|---|---|---|---|---|---|
| Dewey Decimal Classification | Unchecked | مكتبة الاميرة بديعة | مكتبة الاميرة بديعة | الإعارة | 06/07/2004 | 635 | 375.001/صال | 28/07/2025 | 06/07/2004 | كتب | |||||
| Dewey Decimal Classification | Unchecked | مكتبة الجويدة | مكتبة الجويدة | الإعارة | 06/07/2004 | 4202 | 375.001/صال | 28/07/2025 | 06/07/2004 | كتب | |||||
| Dewey Decimal Classification | Unchecked | مكتبة الحسن العامة | مكتبة الحسن العامة | الإعارة | 06/07/2004 | 5252 | 375.001/صال | 28/07/2025 | 06/07/2004 | كتب | |||||
| Dewey Decimal Classification | مكتبة النصر العامة | مكتبة النصر العامة | الإعارة | 21/04/2015 | [1087]00 | 375.001/صال | 28/07/2025 | 21/04/2015 | كتب | PLD00320786 | |||||
| Dewey Decimal Classification | Unchecked | مكتبة حمزة العامة | مكتبة حمزة العامة | الإعارة | 06/07/2004 | 4525 | 375.001/صال | 28/07/2025 | 06/07/2004 | كتب | |||||
| Dewey Decimal Classification | مكتبة صويلح العامة | مكتبة صويلح العامة | الإعارة | 15/05/2019 | {207.} | 375.001/صال | 28/07/2025 | 15/05/2019 | كتب | PLD00452954 | |||||
| Dewey Decimal Classification | مكتبة صويلح العامة | مكتبة صويلح العامة | الإعارة | 15/05/2019 | {8518} | 375.001/صال | 28/07/2025 | 15/05/2019 | كتب | PLD00452957 | |||||
| Dewey Decimal Classification | Unchecked | مكتبة وادي السير العامة | مكتبة وادي السير العامة | الإعارة | 06/07/2004 | 492 | 375.001/صال | 28/07/2025 | 06/07/2004 | كتب | |||||
| Dewey Decimal Classification | مكتبة وادي السير العامة | مكتبة وادي السير العامة | الإعارة | 23/02/2016 | [5023].. | 375.001/صال | 28/07/2025 | 23/02/2016 | كتب | PLD00375733 |